Prevention of Treaty Abuse - Peer Review Report on Treaty Shopping Inclusive Framework on BEPS: Action 6

Gespeichert in:
Bibliographische Detailangaben
Format: Buch
Sprache:Englisch
Veröffentlicht: Paris OECD 2019
Schriftenreihe:OECD/G20 Base Erosion and Profit Shifting Project
Schlagworte:
Tags: Tag hinzufügen
Keine Tags, Fügen Sie das erste Tag hinzu!

MARC

LEADER 00000nam a2200000 4500
001 0262619
005 20221220065113.9
020 |a 978-92-64-31237-1 
041 0 |a eng 
044 |a FR 
245 1 0 |a Prevention of Treaty Abuse - Peer Review Report on Treaty Shopping  |b Inclusive Framework on BEPS: Action 6 
264 1 |a Paris  |b OECD  |c 2019 
300 |a 261 s. 
490 1 |a OECD/G20 Base Erosion and Profit Shifting Project 
830 0 |a OECD/G20 Base Erosion and Profit Shifting Project 
610 2 0 |a dane 
610 2 0 |a predpisy daňové 
610 2 0 |a zisk 
610 2 0 |a zmluvy hospodárske 
610 2 0 |a transparentnosť